Statistics for Video Game Quiz

Click here to take the quiz!

General Stats

  • This quiz has been taken 13 times
  • The average score is 11 of 15

Answer Stats

Answer% Correct
Call Of Duty
100%
Fortnite
100%
Mario
100%
Pokemon
92%
Sonic
92%
Among Us
85%
Minecraft
85%
The Legend Of Zelda
85%
Undertale
85%
Dragon Ball
69%
Kirby
69%
FNaF
54%
Roblox
54%
Geometry Dash
15%
Gacha
8%

Score Distribution

Percentile by Number Answered

Percent of People with Each Score

Your Score History

You have not taken this quiz